000 00666nam a2200253Ia 4500
003 OSt
005 20221007101258.0
006 a|||||r|||| 00| 0
007 ta
008 221006b |||||||| |||| 00| 0 eng d
024 _a6,156
037 _cTextual
040 _aLCO
_cLCO
_beng
041 _2eng
_aeng
082 _aX:977:(Z), L2.1
100 _aKOTHARI G M
245 0 _aLabour Demands and This Adgudication.
260 _aBombay
_bN. M. Tripathi
_c1972
300 _a652
490 _vVol-1
650 _aLABOUR DEMANDS
_9702788
942 _hX:977:(Z), L2.1
_cTEXL
999 _c1175719
_d1175719